Stress & Hispanic mental health : (Record no. 91)

MARC details
000 -LEADER
fixed length control field 01486cam a2200337 a 4500
005 - DATE AND TIME OF LATEST TRANSACTION
control field 20260322212006.0
008 - FIXED-LENGTH DATA ELEMENTS--GENERAL INFORMATION
fixed length control field data
010 ## - LIBRARY OF CONGRESS CONTROL NUMBER
LC control number 85-600578
040 ## - CATALOGING SOURCE
Original cataloging agency DNLM
Transcribing agency DNLM
041 09 - LANGUAGE CODE
Language code of text/sound track or separate title eng
044 ## - COUNTRY OF PUBLISHING/PRODUCING ENTITY CODE
-- United States
060 00 - NATIONAL LIBRARY OF MEDICINE CALL NUMBER
Classification number WA 305
Item number S914 1985
001 - CONTROL NUMBER
control field data
245 00 - TITLE STATEMENT
Title Stress & Hispanic mental health :
Remainder of title relating research to service delivery /
Statement of responsibility, etc. edited by William Vega, Manuel Miranda & Center for Studies of Minority Group Mental Health (U.S.).
246 3# - VARYING FORM OF TITLE
Title proper/short title Stress and Hispanic mental health
260 ## - PUBLICATION, DISTRIBUTION, ETC.
Place of publication, distribution, etc. Rockville, Md. :
Name of publisher, distributor, etc. U.S. Dept. of Health and Human Services, Public Health Service, Alcohol, Drug Abuse, and Mental Health Administration, National Institute of Mental Health,
Date of publication, distribution, etc. 1985.
300 ## - PHYSICAL DESCRIPTION
Extent xii, 289 p. :
Other physical details ill.
440 #0 - SERIES STATEMENT/ADDED ENTRY--TITLE
Title DHHS publication ;
Volume/sequential designation no. (ADM) 85-1410
500 ## - GENERAL NOTE
General note "Partially written under contract no. 85M042067601D from the Center for Studies of Minority Group Mental Health, Division of Prevention and Special Mental Health Programs, National Institute of Mental Health"--T.p. verso.
504 ## - BIBLIOGRAPHY, ETC. NOTE
Bibliography, etc. note Includes bibliographical references.
590 ## - LOCAL NOTE (RLIN)
Local note Includes bibliographies.
650 #2 - SUBJECT ADDED ENTRY--TOPICAL TERM
Topical term or geographic name entry element Health Services Research
General subdivision methods
650 #2 - SUBJECT ADDED ENTRY--TOPICAL TERM
Topical term or geographic name entry element Hispanic Americans
General subdivision psychology
650 #2 - SUBJECT ADDED ENTRY--TOPICAL TERM
Topical term or geographic name entry element Mental Health
650 #2 - SUBJECT ADDED ENTRY--TOPICAL TERM
Topical term or geographic name entry element Social Environment
650 #2 - SUBJECT ADDED ENTRY--TOPICAL TERM
Topical term or geographic name entry element Social Support
650 #2 - SUBJECT ADDED ENTRY--TOPICAL TERM
Topical term or geographic name entry element Stress, Psychological
700 1# - ADDED ENTRY--PERSONAL NAME
Personal name Vega, William.
700 1# - ADDED ENTRY--PERSONAL NAME
Personal name Miranda, Manuel,
Dates associated with a name 1939-
710 2# - ADDED ENTRY--CORPORATE NAME
Corporate name or jurisdiction name as entry element Center for Studies of Minority Group Mental Health (U.S.)
Holdings
Withdrawn status Lost status Damaged status Not for loan Home library Current library Shelving location Date acquired Total checkouts Full call number Barcode Date last seen Price effective from Koha item type
        Riverside Riverside General stacks 22/03/2026   GEN BC0010094 22/03/2026 22/03/2026 Books